| 000 | 00491cam a2200181 4500 | ||
|---|---|---|---|
| 008 | 000000n1999 000 0 eng u | ||
| 020 | _a1860812929 | ||
| 035 | _a(Sirsi) u100402 | ||
| 041 | _aENG | ||
| 050 | _a690 | ||
| 110 | _aBuilding Research Establishment | ||
| 245 | _aInsulated external cladding systems. | ||
| 260 |
_aWatford _bCRC Ltd _c1999 |
||
| 300 | _a6p. ; 30cm. | ||
| 490 |
_aGood Building Guide _vGBG 31 |
||
| 690 | _aBUILT ENVIRONMENT-CONSTRUCTION DESIGN | ||
| 942 | _n0 | ||
| 999 |
_c99690 _d99690 |
||